[Event "1st Stage Russian Cup"]
[Site "Tomsk RUS"]
[Date "2003.07.08"]
[Round "5"]
[White "Lavrov,S"]
[Black "Shmakov,D"]
[Result "1-0"]
[WhiteElo "2414"]
[BlackElo "2375"]

1.d4 Nf6 2.c4 e6 3.Nf3 b6 4.g3 Ba6 5.b3 Bb4+ 6.Bd2 Be7 7.Bg2 d5 8.cxd5 Nxd5
9.O-O Nd7 10.Nc3 c6 11.Qc2 O-O 12.Rfd1 Rc8 13.Qb2 b5 14.a3 Bb7 15.e4 N5f6
16.e5 Nd5 17.Nxd5 cxd5 18.Bf1 Qb6 19.Bb4 Rfe8 20.Qd2 Bd8 21.Rdc1 Bc6 22.Rc2 a5
23.Bd6 a4 24.bxa4 bxa4 25.Rac1 Qb7 26.Rb2 Qa8 27.Rcb1 Ba5 28.Qf4 Bd8 29.Bd3 Nf8
30.h4 Qa7 31.Ng5 f6 32.exf6 gxf6 33.Nf3 Qf7 34.Ba6 Ra8 35.Bb7 Bxb7 36.Rxb7 Qg6
37.Kg2 Qe4 38.Qxe4 dxe4 39.Nd2 f5 40.Nc4 Bf6 41.Ne5  1-0

[Event "25th Open"]
[Site "Oberwart AUT"]
[Date "2003.07.09"]
[Round "5"]
[White "Kovacs,Ga2"]
[Black "Berkes,F"]
[Result "0-1"]
[WhiteElo "2393"]
[BlackElo "2590"]

1.d4 Nf6 2.Nf3 e6 3.c4 b6 4.g3 Ba6 5.b3 Bb4+ 6.Bd2 Be7 7.Bg2 c6 8.Bc3 d5
9.Nbd2 Nbd7 10.O-O O-O 11.Re1 Bb7 12.e4 Nxe4 13.Nxe4 dxe4 14.Rxe4 c5 15.Re3 Bf6
16.h4 Rc8 17.Rc1 cxd4 18.Nxd4 Bxg2 19.Kxg2 a6 20.Rc2 Qc7 21.Rd2 Rfd8 22.Qg4 b5
23.cxb5 axb5 24.Ne2 Qb7+ 25.Qf3 Qxf3+ 26.Rxf3 Nb6 27.Rxd8+ Bxd8 28.Nd4 Ra8
29.Nxb5 Rxa2 30.Bd4 Nd5 31.Nc3 Rd2 32.Bc5 Rc2 33.Bd4 Nb4 34.Ne4 f5 35.Nd6 Be7
36.Nc4 Ra2 37.Re3 Ra6 38.Re2 Kf7 39.Ne5+ Ke8 40.Nf3 g6 41.Ng5 Bxg5 42.hxg5 Rc6
43.f4 Kd7 44.Kf3 Rc7 45.Be5 Rb7 46.Rd2+ Nd5 47.Rd3 Kc6 48.Ke2 Kc5 49.Kd2 Kb5
50.Kc1 Kc5 51.Kb2 Rb4 52.Rd2 Re4 53.Rh2 Nb4 54.Bb8 Nc6 55.Bc7 Nd4 56.Rxh7 Re3
57.Rg7 Rxb3+ 58.Kc1 Rb7 59.Bd6+ Kc6 60.Rxb7 Kxb7 61.Kd2 Kc6 62.Bb8 Kd5 63.Ke3 Nc2+
64.Kd2 Nb4 65.Ke3 Kc4 66.Ba7 Nd5+ 67.Kd2 Nc3 68.Ke3 Ne4 69.g4 Nc3 70.gxf5 exf5
71.Bb8 Nd5+ 72.Kf3 Kd3 73.Ba7 Nc3 74.Bb8 Nb5 75.Be5 Nd4+ 76.Kf2 Ke4 77.Bb8 Ne6
78.Kg3 Ng7  0-1

[Event "25th Open"]
[Site "Oberwart AUT"]
[Date "2003.07.09"]
[Round "5"]
[White "Wiedner,R"]
[Black "Sandhu,M"]
[Result "1-0"]
[WhiteElo "2206"]
[BlackElo "2360"]

1.c4 Nf6 2.Nf3 e6 3.d4 b6 4.g3 Ba6 5.Qc2 c5 6.Bg2 Bb7 7.O-O Be7 8.Nc3 cxd4
9.Nxd4 Bxg2 10.Kxg2 Qc7 11.Qd3 a6 12.Qf3 Nc6 13.Nxc6 Qxc6 14.Qxc6 dxc6 15.Rd1 Bb4
16.Bd2 b5 17.cxb5 Bxc3 18.Bxc3 cxb5 19.Bxf6 gxf6 20.Rac1 O-O 21.Rc6 Rfd8
22.Rxa6 Rxa6 23.Rxd8+ Kg7 24.a3 Rc6 25.Rb8 Rc5 26.e3 f5 27.Kf3 Kf6 28.b4 Rc3
29.Rxb5 Rxa3 30.Rb8 Rb3 31.b5 Rb2 32.h4 h5 33.b6 Rb4 34.Rb7 Rb2 35.Kg2 Rb1
36.f4 Rb2+ 37.Kf1 Kg7 38.Rb8 Rb1+ 39.Ke2 Rb3 40.Kd2 Kf6 41.Kc2 Rb5 42.Kc3 Rb1
43.Kc4 Kg7 44.Kc5 Rb3 45.Rd8 Kf6 46.Rd4  1-0

[Event "FSGM July"]
[Site "Budapest HUN"]
[Date "2003.07.11"]
[Round "7"]
[White "Jakab,A"]
[Black "Pedersen,NV"]
[Result "1/2-1/2"]
[WhiteElo "2442"]
[BlackElo "2528"]

1.c4 b6 2.d4 e6 3.Nf3 Nf6 4.g3 Ba6 5.Qa4 c5 6.Bg2 Bb7 7.O-O cxd4 8.Nxd4 Qc8
9.Bxb7 Qxb7 10.Nc3 Be7 11.Bf4 a6 12.Rfd1 O-O 13.Nf3 Rc8 14.Rd2 Nc6 15.Rad1 b5
16.cxb5 axb5 17.Qxb5 Qxb5 18.Nxb5 Rxa2 19.Nc3 Ra7 20.Bd6 Bxd6 21.Rxd6 Rb7
22.Na4 Kf8 23.Nc5 Rxb2 24.Nxd7+ Nxd7 25.Rxd7 Rxe2 26.Rb7 Rd8 27.Rc1 Ne5 28.Rc3 Rd1+
29.Kg2 Nd7 30.Rc4 Rd5 31.Nd4 Rd2 32.Rc8+ Ke7 33.Nc6+ Kf6 34.Rcc7 Rc5 35.Rxd7 Rxd7
36.Rxd7 Rxc6 37.Rd8 h5 38.Ra8 Rc5 39.Ra6 Rc7 40.Rb6 Kf5 41.Rb5+ e5 42.Ra5 f6
43.Rb5 Rc2 44.Rb4 Ra2 45.h3 Rd2 46.Ra4 e4 47.Ra5+ Ke6 48.Kg1 Rd5 49.Ra6+ Kf5
50.Ra7 g6 51.Kg2 Rb5 52.Ra6 Ke5 53.Ra8 Rd5 54.Ra6 g5 55.Ra8 Rd2 56.Ra5+ Ke6
57.Ra6+ Kf5 58.Ra5+ Kg6 59.Kg1 Re2 60.Kf1 Rb2 61.Kg1 Rb6 62.Kf1 f5 63.Re5 Kf6
64.Re8 Rb3 65.Rh8 f4 66.gxf4 gxf4 67.Rxh5 f3 68.Ke1 Rb2 69.Ra5 Ke6 70.h4 Re2+
71.Kf1 Rb2 72.Ke1 Re2+ 73.Kf1 Rc2 74.Ke1 Kf6 75.h5 Re2+ 76.Kf1 Rb2 77.Ke1 Re2+
78.Kf1 Rd2 79.Ke1 Rd7 80.Rb5 Rd4 81.Ra5  1/2-1/2

[Event "26th Open"]
[Site "Barbera del Valles ESP"]
[Date "2003.07.12"]
[Round "8"]
[White "Panelo,M"]
[Black "Pablo Marin,A"]
[Result "1/2-1/2"]
[WhiteElo "2335"]
[BlackElo "2419"]

1.d4 Nf6 2.c4 e6 3.Nf3 b6 4.g3 Ba6 5.Qa4 Bb7 6.Bg2 Be7 7.O-O O-O 8.Nc3 Ne4
9.Nxe4 Bxe4 10.Ne5 Bxg2 11.Kxg2 c5 12.dxc5 bxc5 13.Rd1 d6 14.Nc6 Nxc6 15.Qxc6 Rb8
16.b3 Rb6 17.Qf3 Qa8 18.e4 f5 19.exf5 Qxf3+ 20.Kxf3 Rxf5+ 21.Ke2 Bf6 22.Rb1 Bd4
23.Be3 Bxe3 24.Kxe3 a5 25.Rd3 d5 26.cxd5 exd5 27.f4 g5 28.Rbd1 gxf4+ 29.gxf4 d4+
30.Ke4 Rbf6 31.Rf3 Kf7 32.a3 Rh5 33.h3 a4 34.b4 Re6+ 35.Kd3 cxb4 36.axb4 Rc6
37.Rff1 Rxh3+ 38.Kxd4 Rhc3 39.Rb1 Ke6 40.Rfe1+ Kd6 41.Ke4 Rb3 42.Rbd1+ Kc7
43.f5 Rxb4+ 44.Ke5 Rb8 45.Kf4 Rb4+ 46.Kg5 h6+ 47.Kh5 a3 48.Re7+ Kb6 49.Rdd7 a2
50.Ra7 Rf4 51.Reb7+ Kc5 52.Ra5+ Kd6 53.Rf7 Rcc4 54.Ra6+ Ke5 55.f6 Kf5 56.Kxh6 Rh4+
57.Kg7 Rhg4+ 58.Kf8 Rc8+ 59.Ke7 Rc7+ 60.Kf8 Rc8+  1/2-1/2

[Event "Masters"]
[Site "Saint Lo FRA"]
[Date "2003.07.12"]
[Round "4"]
[White "Amoyal,P"]
[Black "Le Roux,JP"]
[Result "0-1"]
[WhiteElo "2226"]
[BlackElo "2442"]

1.d4 Nf6 2.c4 e6 3.Nf3 b6 4.g3 Ba6 5.Qa4 Bb7 6.Bg2 c5 7.O-O cxd4 8.Rd1 Be7
9.Nxd4 Bxg2 10.Kxg2 Qc8 11.Nc3 O-O 12.e4 Qb7 13.f3 a6 14.Be3 Rc8 15.Qb3 d6
16.Na4 Nbd7 17.Rac1 Rab8 18.Ne2 b5 19.cxb5 axb5 20.Rxc8+ Qxc8 21.Nac3 b4
22.Nb1 d5 23.Nf4 dxe4 24.fxe4 Qc6 25.Nd2 Ne5 26.Ne2 Nxe4 27.Nd4 Qb7 28.N2f3 Rc8
29.Rf1 Ng4 30.Bc1 Nc5 31.Qc4 Bf6 32.Nb5 Ne5 33.Qe2 Nxf3 34.Rxf3 Qd5 35.a3 bxa3
36.bxa3 Ne4 37.Be3 Nc3 38.Nxc3 Rxc3 39.a4 Ra3 40.Qb5 Ra2+ 41.Kg1 Qa8  0-1

[Event "Open"]
[Site "Mariupol UKR"]
[Date "2003.07.14"]
[Round "4"]
[White "Tishin,D"]
[Black "Boginin,O"]
[Result "1/2-1/2"]
[WhiteElo "2310"]
[BlackElo "2378"]

1.d4 Nf6 2.c4 e6 3.Nf3 b6 4.g3 Ba6 5.Qa4 Bb7 6.Bg2 Be7 7.Nc3 O-O 8.O-O d6
9.Rd1 Nbd7 10.Qc2 c5 11.e4 cxd4 12.Nxd4 Qc7 13.b3 a6 14.Bb2 Rac8 15.Rac1 Qb8
16.Qe2  1/2-1/2

[Event "Open"]
[Site "Mariupol UKR"]
[Date "2003.07.15"]
[Round "5"]
[White "Fingerov,D"]
[Black "Iljin,T"]
[Result "1/2-1/2"]
[WhiteElo "2364"]
[BlackElo "2175"]

1.d4 Nf6 2.Nf3 e6 3.c4 b6 4.g3 Ba6 5.b3 Bb4+ 6.Bd2 Be7 7.Bg2 O-O 8.O-O d5
9.Ne5 Bb7 10.Bc3 Na6 11.Nd2 c5 12.e3 Qc8 13.cxd5 Bxd5 14.Bxd5  1/2-1/2

[Event "KB Czech Open"]
[Site "Pardubice CZE"]
[Date "2003.07.19"]
[Round "2"]
[White "Nedochetov,M"]
[Black "Neverov,V"]
[Result "0-1"]
[WhiteElo "2410"]
[BlackElo "2566"]

1.d4 Nf6 2.Nf3 e6 3.c4 b6 4.g3 Ba6 5.b3 Bb4+ 6.Bd2 Be7 7.Bg2 d5 8.cxd5 exd5
9.Nc3 O-O 10.O-O Bb7 11.Bc1 Na6 12.Bb2 Re8 13.Rc1 Bf8 14.Ne5 c5 15.e3 Nc7
16.Ng4 Nd7 17.h4 h5 18.Nh2 cxd4 19.exd4 Nf6 20.Nf3 Ba6 21.Re1 Rxe1+ 22.Nxe1 g6
23.Nd3 Bh6 24.Rc2 Ne6 25.Ne5 Rc8 26.Nxd5 Nxd5 27.Rxc8 Bxc8 28.Nc6 Qd6 29.Bxd5 Bb7
30.Qf3 Bg7 31.Ne7+ Qxe7 32.Bxb7 Bxd4 33.Bc1 Qc7 34.Ba3 Qc2 35.Bd5 Bxf2+ 36.Qxf2 Qd1+
37.Kh2 Qxd5 38.Bb2 Kf8 39.Qf6 Ke8 40.Qh8+ Kd7 41.Qf6 Nc5 42.Ba3 Ne4 43.Qe7+ Kc6
44.Qe8+ Kb7 45.Qe7+ Ka6 46.Qc7  0-1

[Event "BCSA Open"]
[Site "Batumi GEO"]
[Date "2003.07.20"]
[Round "4"]
[White "Galoyan,Le"]
[Black "Khukhashvili,S"]
[Result "0-1"]
[WhiteElo "2303"]
[BlackElo "2320"]

1.d4 Nf6 2.c4 e6 3.Nf3 b6 4.g3 Ba6 5.b3 Bb4+ 6.Bd2 Be7 7.Bg2 d5 8.Qc2 O-O
9.O-O c6 10.Bf4 Bb7 11.Rd1 Na6 12.Nc3 Nh5 13.Bc1 f5 14.Bb2 Rc8 15.a3 Qe8
16.e3 Nf6 17.Ne5 Qh5 18.b4 Bd6 19.Ne2 g5 20.f4 Bxe5 21.dxe5 Ng4 22.Rd3 Qxh2+
23.Kf1 c5 24.cxd5 Bxd5 25.Rxd5 Nxe3+ 26.Kf2 Nxc2 27.Rh1 Qxg2+  0-1

[Event "KB Czech Open"]
[Site "Pardubice CZE"]
[Date "2003.07.20"]
[Round "3"]
[White "Cedikova,K"]
[Black "Sprenger,J"]
[Result "0-1"]
[WhiteElo "2168"]
[BlackElo "2492"]

1.d4 Nf6 2.c4 e6 3.Nf3 b6 4.g3 Ba6 5.b3 Bb4+ 6.Bd2 Be7 7.Bg2 c6 8.O-O d5
9.Ne5 O-O 10.Bc3 Nfd7 11.Nd2 Nxe5 12.dxe5 b5 13.e3 Nd7 14.cxb5 Bxb5 15.Re1 a5
16.Qg4 a4 17.h4 c5 18.f4 Ra6 19.e4 d4 20.Bb2 Qa5 21.Rad1 axb3 22.axb3 Qa2
23.Bc1 Qc2 24.Bf1 Bxf1 25.Rxf1 Ra1 26.Qe2 Rfa8 27.Qe1 Bd8 28.Rf2 Ba5 29.Qf1 Bxd2
30.Rfxd2 Qxb3 31.Rd3 Qb7 32.Qe1 R8a2 33.h5 Rxc1 34.Rxc1 Qb2  0-1

[Event "3rd Savaria Summer Open"]
[Site "Szombathely HUN"]
[Date "2003.07.20"]
[Round "2"]
[White "Markus,R"]
[Black "Szabo,K"]
[Result "1-0"]
[WhiteElo "2500"]
[BlackElo "2277"]

1.d4 Nf6 2.Nf3 e6 3.c4 b6 4.g3 Ba6 5.Nbd2 Bb4 6.a3 Bxd2+ 7.Nxd2 Bb7 8.Nf3 d6
9.Bg2 Ne4 10.O-O O-O 11.Qc2 Qc8 12.b3 f5 13.Bb2 Nd7 14.Rad1 Ndf6 15.Ne1 Ng5
16.f3 Qe8 17.Nd3 c5 18.dxc5 bxc5 19.b4 cxb4 20.axb4 Nf7 21.c5 Bc6 22.Bxf6 gxf6
23.Qc3 dxc5 24.Nxc5 Qe7 25.e4 fxe4 26.fxe4 e5 27.Qc4 Rad8 28.b5 Ba8 29.Bh3 Kh8
30.Ne6 Rxd1 31.Rxd1 Rb8 32.Qf1 Ng5 33.Nxg5 fxg5 34.Bf5 Rd8 35.Rc1 Qd6 36.Qf2 Qe7
37.Ra1 Qb4 38.Qxa7 Qd4+ 39.Qxd4 exd4 40.Kf2 Kg7 41.Ke2 d3+ 42.Ke3 Kf6 43.Ra6+ Kg7
44.Kd2 Rb8 45.Kxd3 Bb7 46.Rd6 h6 47.Rg6+ Kf7 48.Rxh6  1-0

[Event "3rd Savaria Summer Open"]
[Site "Szombathely HUN"]
[Date "2003.07.20"]
[Round "2"]
[White "Chernyshov,K"]
[Black "Nemeth,Mi"]
[Result "0-1"]
[WhiteElo "2541"]
[BlackElo "2285"]

1.d4 Nf6 2.c4 e6 3.Nf3 b6 4.g3 Ba6 5.b3 b5 6.Nbd2 Bb4 7.Qc2 bxc4 8.bxc4 c5
9.Bg2 Nc6 10.dxc5 O-O 11.O-O Bxc5 12.Bb2 Rb8 13.Nb3 Be7 14.Rfd1 h6 15.Rac1 Qb6
16.Rd2 Rfc8 17.c5 Qb5 18.Qd1 Qa4 19.Be5 Rb4 20.Bd6 Ne4 21.Rdc2 Bf6 22.Bf4 g5
23.Be3 Bg7 24.h4 gxh4 25.Nxh4 Ne5 26.Nd2 Nxd2 27.Bxd2 Rc4 28.Be3 Rxc2 29.Qxc2 Qxc2
30.Rxc2 Nc4 31.c6 Nxe3 32.fxe3 dxc6 33.Rxc6 Rxc6 34.Bxc6 Bxe2 35.Kf2 Bc4
36.a4 Kf8 37.Nf3 Bc3 38.e4 Ke7 39.Ke3 Kd6 40.Be8 f6 41.Nh2 Ke7 42.Bc6 Be1
43.Kf3 Bb3 44.Kg2 Kd6 45.Be8 Bc2 46.Kf3 Bd1+ 47.Kg2 Bc3 48.Nf3 Bc2 49.e5+ Bxe5
50.Nxe5 Kxe5 51.a5 Kd4 52.Kf3 e5 53.Kg4 f5+ 54.Kh5 e4 55.Kxh6 e3 56.Bh5 Bd3
57.Kg5 Ke5  0-1

[Event "BCSA Open"]
[Site "Batumi GEO"]
[Date "2003.07.23"]
[Round "7"]
[White "Haroutjunian,D"]
[Black "Nikoladze,S"]
[Result "1-0"]
[WhiteElo "2270"]
[BlackElo "2282"]

1.d4 Nf6 2.c4 e6 3.Nf3 b6 4.g3 Ba6 5.Qa4 Bb7 6.Bg2 Be7 7.O-O O-O 8.Nc3 Ne4
9.Qc2 Nxc3 10.Qxc3 Be4 11.b3 Bf6 12.Bb2 Nc6 13.Qd2 Ne7 14.Ne5 Bxg2 15.Kxg2 d6
16.Ng4 Ng6 17.Nxf6+ Qxf6 18.e4 e5 19.f4 exd4 20.Bxd4 Qe7 21.Rae1 f6 22.h4 Rfe8
23.h5 Nf8 24.h6 Nd7 25.hxg7 Qxg7 26.Bc3 Kh8 27.Qd5 Rg8 28.Rf3 Rae8 29.Kf2 a5
30.Qf5 Re7 31.Rfe3 Qg6 32.Qxg6 hxg6 33.g4 Kg7 34.Rh3 Kf8 35.Kf3 g5 36.Rh6 Rf7
37.f5 Ke7 38.Reh1 Ne5+ 39.Kg3 Rgf8 40.Rd1 Nd7 41.Bd4 Kd8 42.Kf3 Kc8 43.Rdh1 Kb7
44.Rh8 Rxh8 45.Rxh8 Kc6 46.Ke3 Ne5 47.Bxe5 dxe5 48.Rd8 Kc5 49.a3 Rh7 50.Rf8 Rh3+
51.Kf2 Kd4 52.Rxf6 Kxe4 53.b4 Rxa3 54.bxa5 bxa5 55.Rc6 Kf4 56.f6 Kxg4 57.Ke2 Rf3
58.Rxc7 Rxf6 59.Rc5 Ra6 60.Rxe5 a4 61.Kd3 a3 62.Re1 a2 63.Ra1 Kf3 64.c5 g4
65.Kc4 g3 66.Kb5 Ra3 67.c6 g2 68.c7 Rc3 69.Kb6 Rb3+ 70.Kc6 Rb1 71.c8=Q g1=Q
72.Qf5+ Ke2 73.Rxa2+ Ke3 74.Ra3+ Kd2 75.Rd3+ Ke2 76.Qe4+ Kf2 77.Qf3+ Ke1  1-0

[Event "KB Czech Open"]
[Site "Pardubice CZE"]
[Date "2003.07.24"]
[Round "7"]
[White "Gyimesi,Z"]
[Black "Sprenger,J"]
[Result "1/2-1/2"]
[WhiteElo "2553"]
[BlackElo "2492"]

1.d4 Nf6 2.c4 e6 3.Nf3 b6 4.g3 Ba6 5.Nbd2 d5 6.Bg2 Be7 7.O-O O-O 8.Ne5 Bb7
9.b3 c5 10.dxc5 Bxc5 11.Bb2 Nc6 12.Nxc6 Bxc6 13.cxd5 Bxd5 14.Rc1 Bxg2 15.Kxg2 Qd5+
16.Nf3 Rfd8 17.Bxf6 Qxd1 18.Rfxd1 gxf6 19.Ne1 f5 20.Rxd8+ Rxd8 21.Nd3 Bd6
22.f4 Kf8 23.b4 Ke7 24.b5 a6 25.a4 f6 26.Rc6 axb5 27.axb5 Rb8 28.Kf3 Kd7
29.e4 fxe4+ 30.Kxe4 Bc7 31.f5 Re8 32.fxe6+ Rxe6+ 33.Kd5 Re2 34.Rxf6 Rxh2
35.Rf7+ Kc8 36.g4 Rg2 37.Nf2 Kb7 38.Ke6 h6 39.Kd7 Rg3 40.Rf5 Re3 41.Rf6 Re5
42.Rxh6 Rxb5 43.Nh3 Rd5+ 44.Ke8 b5 45.g5 b4 46.Rh4 Rb5 47.Nf2 b3 48.Nd3 b2
49.Nxb2 Rxb2 50.g6 Rg2 51.Kf7 Be5 52.Rh7 Kc6 53.g7 Bxg7 54.Rxg7 Rxg7+ 55.Kxg7  1/2-1/2

[Event "Summer"]
[Site "Tel Aviv ISR"]
[Date "2003.07.24"]
[Round "5"]
[White "Bykhovsky,Av"]
[Black "Rodshtein,M"]
[Result "1/2-1/2"]
[WhiteElo "2452"]
[BlackElo "2344"]

1.d4 e6 2.Nf3 Nf6 3.c4 b6 4.g3 Ba6 5.Nbd2 Bb4 6.Qc2 Bb7 7.Bg2 Be4 8.Qd1 O-O
9.O-O Bxd2 10.Bxd2 d6 11.Bc3 Nbd7 12.Rc1 Qe7 13.Re1 Rfe8 14.Bf1 Bxf3 15.exf3 c6
16.Bb4 c5 17.Bc3 cxd4 18.Qxd4 e5 19.Qh4 Nc5 20.f4 Qc7  1/2-1/2

[Event "8th Open"]
[Site "Creon FRA"]
[Date "2003.07.28"]
[Round "1"]
[White "Van der Stricht,G"]
[Black "Bruned,Y"]
[Result "1-0"]
[WhiteElo "2450"]
[BlackElo "2125"]

1.d4 Nf6 2.c4 e6 3.Nf3 b6 4.g3 Ba6 5.Qa4 c5 6.Bg2 Bb7 7.dxc5 Bxc5 8.O-O O-O
9.Nc3 Nc6 10.Rd1 h6 11.Bf4 Qe7 12.Ne5 Rfc8 13.Nd3 Bd4 14.Nb5 d5 15.cxd5 Nxd5
16.Bxd5 exd5 17.Nxd4 Nxd4 18.Qxd4 Qxe2 19.Re1 Qf3 20.Re3 Qg4 21.Re7 Rc4 22.Ne5 Rxd4
23.Nxg4 Ba6 24.Ne5 Re4 25.Nc6 g5 26.Rxe4 dxe4 27.Be3 Kf8 28.Nb4 Be2 29.Re1 Bf3
30.Rc1 f5 31.Nc6 Kf7 32.Nd4 f4 33.gxf4 gxf4 34.Bxf4 Rg8+ 35.Bg3 h5 36.Nxf3 h4  1-0

[Event "ch-NED Open"]
[Site "Dieren NED"]
[Date "2003.07.29"]
[Round "7"]
[White "De Saegher,C"]
[Black "Spoelman,W"]
[Result "0-1"]
[WhiteElo "2230"]
[BlackElo "2169"]

1.d4 Nf6 2.Nf3 e6 3.c4 b6 4.g3 Ba6 5.b3 Bb4+ 6.Bd2 Be7 7.Bg2 Bb7 8.Nc3 O-O
9.O-O Na6 10.Qc2 d5 11.Rad1 c5 12.cxd5 Nxd5 13.dxc5 Nxc5 14.Nxd5 Bxd5 15.Bc3 Qc7
16.Qb2 f6 17.Bh3 a5 18.Nd4 a4 19.f3 axb3 20.axb3 Kh8 21.Ra1 e5 22.Nf5 Nxb3
23.Rxa8 Bc5+ 24.Kg2 Rxa8 25.Rd1 Qc6 26.Bxe5 fxe5 27.Qxe5 Bxf3+ 28.Kf1 Bxe2+
29.Kxe2 Ra2+ 30.Kd3 Qb5+ 31.Ke4 Re2+ 32.Kf4 Rxe5 33.Rd8+ Re8  0-1

[Event "Open"]
[Site "Olomouc CZE"]
[Date "2003.07.30"]
[Round "1"]
[White "Polak,T"]
[Black "Suchin,D"]
[Result "1-0"]
[WhiteElo "2473"]
[BlackElo "2064"]

1.d4 Nf6 2.c4 e6 3.Nf3 b6 4.g3 Ba6 5.b3 Bb4+ 6.Bd2 Be7 7.Nc3 Bb7 8.Bg2 c5
9.d5 exd5 10.Nh4 Ne4 11.Nf5 O-O 12.Nxd5 Bxd5 13.cxd5 Nd6 14.Nxe7+ Qxe7 15.O-O f5
16.Bc3 Na6 17.Qd3 Nc7 18.Rae1 Rae8 19.Bb2 b5 20.Qc3 Na6 21.e4 fxe4 22.Bxe4 Qf7
23.Bb1 Rxe1 24.Qxe1 Re8 25.Qa5 Nb4 26.Qxa7 Rc8 27.Rd1 Nxd5 28.Qa5 Qf3 29.Qd2 Nf4
30.gxf4 Qg4+ 31.Kf1 Qh3+ 32.Ke1 Re8+ 33.Be5 Qxh2 34.Qxd6 Qxf4 35.Kf1 Qh4
36.Qd5+ Kh8 37.Bg3  1-0

[Event "ch-NED Open"]
[Site "Dieren NED"]
[Date "2003.07.31"]
[Round "9"]
[White "L'Ami,E"]
[Black "Pedersen,NV"]
[Result "0-1"]
[WhiteElo "2439"]
[BlackElo "2528"]

1.d4 Nf6 2.c4 e6 3.Nf3 b6 4.g3 Ba6 5.b3 Bb4+ 6.Bd2 Be7 7.Bg2 c6 8.Bc3 d5
9.Ne5 Nfd7 10.Nxd7 Nxd7 11.Nd2 O-O 12.O-O Nf6 13.e4 b5 14.Re1 dxe4 15.Qc2 Rc8
16.Rad1 Nd5 17.Bxe4 Nxc3 18.Qxc3 Bf6 19.c5 Bxd4 20.Qc2 f5 21.Bg2 Qa5 22.Rxe6 b4
23.Nf3 Bc3 24.Nd4 Qxc5 25.Nxc6 Rce8 26.Rde1 Rxe6 27.Rxe6 f4 28.Be4 Kh8 29.Ne7 fxg3
30.hxg3 Rxf2 31.Qxf2 Bd4 32.Qxd4 Qxd4+ 33.Kg2 Qd2+ 34.Kh3 Bf1+ 35.Kg4 g6
36.Nd5 Be2+ 37.Kh3 Bf1+ 38.Kg4 Kg7 39.Nf4 Be2+ 40.Kh3 Bf1+ 41.Kg4 Be2+ 42.Kh3 g5
43.Nxe2 Qxe2 44.Bf5 Qxa2  0-1

[Event "FSGM August"]
[Site "Budapest HUN"]
[Date "2003.08.03"]
[Round "2"]
[White "Jakab,A"]
[Black "Barkhagen,J"]
[Result "0-1"]
[WhiteElo "2442"]
[BlackElo "2490"]

1.d4 Nf6 2.c4 e6 3.Nf3 b6 4.g3 Ba6 5.Qa4 c5 6.Bg2 Bb7 7.O-O cxd4 8.Nxd4 Bxg2
9.Kxg2 Qc8 10.Nc3 Be7 11.e4 O-O 12.f3 d6 13.Be3 Nbd7 14.Rac1 Ne5 15.Nce2 Nfd7
16.Rfd1 Qb7 17.Rc3 a6 18.Qc2 Rac8 19.a4 Rc7 20.b3 Rfc8 21.Bc1 Nc5 22.Kg1 g6
23.Qd2 Bf6 24.Bb2 Bg7 25.Qe3 d5 26.cxd5 exd5 27.exd5 Qxd5 28.Rcc1 Qb7 29.Nf4 Rd7
30.a5 Rcd8 31.axb6 Nxf3+ 32.Nxf3 Rxd1+ 33.Rxd1 Rxd1+ 34.Kf2 Ne4+ 35.Ke2 Rd6
36.Bxg7 Kxg7 37.Ng5 Nf6 38.Qe5 Rxb6  0-1

[Event "Open"]
[Site "Olomouc CZE"]
[Date "2003.08.03"]
[Round "5"]
[White "Polak,T"]
[Black "Laznicka,V"]
[Result "1/2-1/2"]
[WhiteElo "2473"]
[BlackElo "2446"]

1.d4 Nf6 2.c4 e6 3.Nf3 b6 4.g3 Ba6 5.b3 Bb4+ 6.Bd2 Be7 7.Nc3 O-O 8.Qc2 Bb7
9.Bg2 c5 10.dxc5 bxc5 11.O-O Nc6 12.Rad1 d6 13.Bf4 Qb6 14.Bc1 a6 15.Bb2 Qc7
16.Rd2 h6 17.Qb1  1/2-1/2

[Event "HZ Open"]
[Site "Vlissingen NED"]
[Date "2003.08.04"]
[Round "4"]
[White "Gyimesi,Z"]
[Black "Spoelman,W"]
[Result "1-0"]
[WhiteElo "2553"]
[BlackElo "2169"]

1.d4 Nf6 2.c4 e6 3.Nf3 b6 4.g3 Ba6 5.Nbd2 Bb4 6.Qc2 Bb7 7.Bg2 Be4 8.Qb3 Bxd2+
9.Bxd2 O-O 10.O-O d6 11.Bc3 Nbd7 12.Rfe1 Qc8 13.Bh3 c5 14.Rad1 b5 15.Qxb5 Rb8
16.Qa5 Rb6 17.d5 Ra6 18.Qb5 Rb6 19.dxe6 Rxb5 20.Bxf6 Nxf6 21.exf7+ Kxf7 22.Bxc8 Rxb2
23.Bh3 Ke7 24.Nd2 Rxa2 25.Nxe4 Nxe4 26.Rd3 Nxf2 27.Re3+ Kd8 28.Be6 Rd2 29.Rf1 Rd1
30.Rxd1 Nxd1 31.Rd3 Ke7 32.Bd5 Nb2 33.Re3+ Kf6 34.Re6+ Kg5 35.Rxd6 Nd1 36.Bf3 Ne3
37.Rc6 g6 38.Rxc5+ Rf5 39.Rc7 Ra5 40.c5 h5 41.h4+ Kf5 42.Re7 Ra1+ 43.Kf2 Nd1+
44.Kg2 Kf6 45.Rd7 Ne3+ 46.Kf2 Nd1+ 47.Kg2 Ne3+ 48.Kh2 a5 49.c6 Rc1 50.Rd6+ Kf5
51.Rd3 Ng4+ 52.Bxg4+ hxg4 53.Rd5+ Kf6 54.Rxa5 Rxc6 55.Kg2 Re6 56.Kf2 Re4
57.Rg5 Kf7 58.Ke1 Rd4 59.Kf2 Re4 60.e3 Ra4 61.Rd5 Ra2+ 62.Kf1 Ra1+ 63.Ke2 Kf6
64.Rd4 Ra2+ 65.Kd3 Ra3+ 66.Ke4 g5 67.hxg5+ Kxg5 68.Rd5+ Kf6 69.Kf4 Ke6 70.Rg5 Ra4+
71.e4 Ra1 72.Rg6+ Kf7 73.Rxg4 Rf1+ 74.Ke5  1-0

[Event "19th Open"]
[Site "Faaker-See AUT"]
[Date "2003.08.16"]
[Round "9"]
[White "Bergen,P"]
[Black "Mencinger,V"]
[Result "1/2-1/2"]
[WhiteElo "2219"]
[BlackElo "2360"]

1.d4 Nf6 2.c4 e6 3.Nf3 b6 4.g3 Ba6 5.Qc2 d5 6.cxd5 exd5 7.Bg2 Bd6 8.O-O O-O
9.Nc3 c6 10.Re1 Re8 11.Bg5 Be7  1/2-1/2

[Event "Independence Cup"]
[Site "Kyiv UKR"]
[Date "2003.08.17"]
[Round "5"]
[White "Matorin,E"]
[Black "Iljin,T"]
[Result "0-1"]
[WhiteElo "2326"]
[BlackElo "2175"]

1.Nf3 Nf6 2.d4 e6 3.c4 b6 4.g3 Ba6 5.Qc2 c5 6.Bg2 Nc6 7.dxc5 bxc5 8.b3 Be7
9.O-O O-O 10.Rd1 d5 11.cxd5 exd5 12.Nc3 Nb4 13.Qb1 d4 14.e3 Bd3 15.Rxd3 Nxd3
16.Qxd3 dxc3 17.Qxc3 Ne4 18.Qc2 Bf6 19.Bb2 Bxb2 20.Qxb2 Qf6 21.Qxf6 Nxf6
22.Rc1 Rac8 23.Bf1 Rfd8 24.Rc2 Nd5 25.a3 Nb6 26.Ba6 Rc7 27.Nd2 Kf8 28.Ne4 Rd1+
29.Kg2 Ra1 30.Nxc5 Ke7 31.b4 Rxa3 32.Rd2 Nd7 33.Nxd7 Rxd7 34.Rxd7+ Kxd7 35.Bc4 Kc6
36.Bxf7 Kb5 37.e4 Kxb4 38.e5 Kc5 39.f4 a5 40.g4 a4 41.g5 Rb3 42.Kf2 Rb2+
43.Ke3 a3 44.f5 a2 45.Bxa2 Rxa2 46.f6 gxf6 47.gxf6 Kd5  0-1

[Event "Open"]
[Site "Vienna AUT"]
[Date "2003.08.17"]
[Round "2"]
[White "Kummer,Hel"]
[Black "Huber,H"]
[Result "1-0"]
[WhiteElo "2336"]
[BlackElo "2069"]

1.d4 Nf6 2.c4 e6 3.Nf3 b6 4.g3 Ba6 5.Nbd2 Bb4 6.Qc2 O-O 7.Bg2 Bb7 8.O-O h6
9.b3 Qe7 10.Bb2 Bxd2 11.Qxd2 d6 12.Rad1 Nbd7 13.Rfe1 Rad8 14.Qc2 Be4 15.Qc1 Ba8
16.Qb1 Ne4 17.Nh4 Ndf6 18.d5 Nc5 19.e4 e5 20.Nf5 Qe8 21.f4 Ncd7 22.Rf1 Kh7
23.Qc1 Ng8 24.Rf2 Bb7 25.Rdf1 a5 26.Qa1 f6 27.Bh3 Bc8 28.Nh4 Qe7 29.Bf5+  1-0

[Event "Open"]
[Site "Vienna AUT"]
[Date "2003.08.19"]
[Round "4"]
[White "Kummer,Hel"]
[Black "Bakker,S"]
[Result "1/2-1/2"]
[WhiteElo "2336"]
[BlackElo "2175"]

1.d4 Nf6 2.c4 e6 3.Nf3 b6 4.g3 Ba6 5.Nbd2 d5 6.cxd5 exd5 7.Bg2 Be7 8.O-O O-O
9.b3 Nbd7 10.Bb2 c5 11.Nb1 Ne4 12.Nc3 Ndf6 13.Ne5 Rc8 14.dxc5 Nxc3 15.Bxc3 Bxc5
16.Bb2 Re8 17.Nd3 Qe7 18.e3 Ne4 19.Re1 Ba3 20.Bd4 Red8 21.Nf4 Bb4 22.Qg4 f5
23.Qxf5 Bxe1 24.Rxe1 Bb7 25.Ne6 Rd6 26.Bh3 Nf6 27.Bb2 Re8 28.Nf4 Bc8 29.Bxf6 Qxf6
30.Qxf6 gxf6 31.Bg2 d4 32.Bd5+ Kg7 33.e4 Ba6 34.Rd1 d3 35.Nxd3 f5 36.f3 fxe4
37.fxe4 Bxd3 38.Rxd3 Re7 39.Kg2 Kf6 40.a4 Ke5 41.h4 Rc7 42.g4 Kf4 43.g5 Rc2+
44.Kh3 h6 45.Rg3 hxg5 46.hxg5 Rd8 47.Rg4+ Ke5 48.Rg3 Kf4  1/2-1/2

[Event "ADCF Masters"]
[Site "Abu Dhabi UAE"]
[Date "2003.08.20"]
[Round "5"]
[White "Dizdar,G"]
[Black "Maherramzade,J"]
[Result "1/2-1/2"]
[WhiteElo "2525"]
[BlackElo "2473"]

1.d4 Nf6 2.Nf3 e6 3.c4 b6 4.g3 Ba6 5.Nbd2 Bb4 6.Qc2 Bb7 7.Bg2 Be4 8.Qb3 Bxd2+
9.Bxd2 O-O 10.O-O d6 11.Rfd1 Nbd7 12.Rac1 a5 13.Bh3 Qe7 14.Qe3 h6 15.Bc3 Rfe8
16.b3 a4 17.Ne5 axb3 18.axb3 Ra3 19.Bb4 Ra2 20.f3 Bb7 21.Nxd7 Nxd7 22.Ra1 Rea8
23.Rxa2 Rxa2 24.d5 Nf8 25.Bc3 Qg5 26.f4 Qh5 27.Bf1 Qf5 28.Qd4 f6 29.e4 Qh5
30.Rd2 e5 31.Qe3 Ra3 32.Bb2 Ra2 33.Bc3 Ra3 34.Bb2 Ra2 35.Bc3  1/2-1/2

[Event "2nd It"]
[Site "Pays de Charleroi FRA"]
[Date "2003.08.23"]
[Round "2"]
[White "Genov,Peta"]
[Black "Le Quang,K"]
[Result "1-0"]
[WhiteElo "2501"]
[BlackElo "2244"]

1.d4 Nf6 2.c4 e6 3.Nf3 b6 4.g3 Ba6 5.b3 Bb4+ 6.Bd2 Be7 7.Nc3 O-O 8.Qc2 d5
9.cxd5 exd5 10.Bh3 c5 11.O-O Nc6 12.Be3 c4 13.Rfd1 cxb3 14.axb3 Nb4 15.Qb2 Bc8
16.Bg2 Be6 17.Ne5 Ng4 18.Bf4 Bg5 19.Qd2 Bxf4 20.Qxf4 Nf6 21.Rdc1 Qe7 22.Nb5 a6
23.Nc7 Ra7 24.Nxe6 Qxe6 25.Rc3 Ne4 26.Bxe4 dxe4 27.Rc4 Nd5 28.Qxe4 Re7 29.Qf3 f6
30.Rc6 fxe5 31.Rxe6 Rxf3 32.Rxe7  1-0

[Event "2nd It"]
[Site "Pays de Charleroi FRA"]
[Date "2003.08.23"]
[Round "2"]
[White "Marechal,A"]
[Black "Michiels,B"]
[Result "0-1"]
[WhiteElo "2256"]
[BlackElo "2376"]

1.d4 e6 2.c4 Nf6 3.Nf3 b6 4.g3 Ba6 5.Qa4 Bb7 6.Bg2 c5 7.O-O cxd4 8.Nxd4 Bxg2
9.Kxg2 Qc7 10.Nc3 Be7 11.Rd1 O-O 12.e4 a6 13.Bf4 Qb7 14.f3 d6 15.Nde2 Rd8
16.Rd2 Nh5 17.Be3 Nd7 18.Qd1 Rac8 19.b3 b5 20.cxb5 axb5 21.a4 bxa4 22.bxa4 Ne5
23.Bf2 Nc4 24.Rc2 Bg5 25.Qg1 Nf6 26.Rca2 d5 27.exd5 Nxd5 28.Nxd5 Rxd5 29.h4 Bh6
30.Kh3 Rd3 31.f4 e5 32.fxe5 Nxe5 33.a5 Qd7+ 34.Kg2 Qd5+ 35.Kh3 Rc4 36.Nd4 Nf3  0-1